Every 5* 5* Base Card in EA Sports FIFA Ultimate Team History - Statistics

General Stats
  • This quiz has been taken 435 times
    213 since last reset
  • The average score is 8 of 20
Answer Stats
Player # % Correct
Neymar Jr 12
99%
Khvicha Kvaratskhelia 2
79%
Ousmane Dembélé 8
78%
Rayan Cherki 5
56%
Caroline Graham Hansen 1
54%
Franck Ribéry 4
54%
Nani 5
54%
Alexia Putellas 2
47%
Adel Taarabt 2
33%
Jesús Manuel Corona 5
33%
Charly Musonda 2
26%
Georginio Rutter 1
26%
Cesinha 4
25%
Debinha 2
25%
Yassine Chikhaoui 3
21%
Stephan El Shaarawy 1
19%
Mbark Boussoufa 1
10%
Santi Cazorla 1
7%
Vitinho 1
6%
Osame Sahraoui 1
3%
No matching quizzes found
Score Distribution
Percent of People with Each Score
Percentile by Number Answered
Your Score History
You have not taken this quiz since the last reset